[Event "71st RUS-ch Higher League 2018"]
[Site "Yaroslavl"]
[Date "2018.07.03"]
[Round "7"]
[White "Rakhmanov, Aleksandr"]
[Black "Najer, Evgeniy"]
[Result "1/2-1/2"]
[WhiteElo "2627"]
[BlackElo "2668"]
[Annotator "ChessBase"]
[PlyCount "113"]
[EventDate "2018.06.26"]
[EventType "swiss"]
[EventCountry "RUS"]
[SourceTitle "playchess.com"]
[Source "ChessBase"]
[SourceQuality "1"]
[TimeControl "40/5400+30:1800+30"]

1. d4 {[%emt 0:00:00]} Nf6 {[%emt 0:00:57]} 2. c4 {[%emt 0:00:00]} e6 {[%emt 0:00:07]} 3. Nc3 {[%emt 0:00:06]} Bb4 {[%emt 0:00:13]} 4. e3 {[%emt 0:00:06]} O-O {[%emt 0:00:11]} 5. Nf3 {[%emt 0:01:22]} d5 {[%emt 0:01:37]} 6. Bd2 {[%emt 0:00:20]} a6 {[%emt 0:07:38]} 7. Qc2 {[%emt 0:05:52]} Re8 {[%emt 0:09:55]} 8. Bd3 {[%emt 0:07:35]} dxc4 {[%emt 0:08:19]} 9. Bxc4 {[%emt 0:00:26]} b5 {[%emt 0:00:23]} 10. Bd3 {[%emt 0:08:29]} Bb7 {[%emt 0:01:15]} 11. a3 {[%emt 0:05:42]} Bf8 {[%emt 0:12:10]} 12. Ng5 {[%emt 0:11:11]} g6 {[%emt 0:00:58]} 13. h4 {[%emt 0:00:45]} b4 {[%emt 0:32:01]} 14. Ne2 {[%emt 0:06:04]} Nc6 {[%emt 0:09:34]} 15. h5 {[%emt 0:23:04]} h6 {[%emt 0:00:06]} 16. Ne4 {[%emt 0:14:27]} Nxh5 {[%emt 0:00:53]} 17. Nc5 {[%emt 0:00:13]} Bxc5 {[%emt 0:00:07]} 18. Qxc5 {[%emt 0:00:29]} bxa3 {[%emt 0:07:01]} 19. bxa3 {[%emt 0:00:10]} Rb8 {[%emt 0:01:35]} 20. Rc1 {[%emt 0:03:41]} Qg5 {[%emt 0:03:53]} 21. Qxg5 {[%emt 0:04:00]} hxg5 {[%emt 0:00:01]} 22. f3 {[%emt 0:00:51]} Red8 {[%emt 0:00:20]} 23. Kf2 {[%emt 0:02:32]} e5 {[%emt 0:00:36]} 24. Be4 {[%emt 0:01:18]} Na7 {[%emt 0:00:28]} 25. Bb1 {[%emt 0:01:25]} exd4 {[%emt 0:00:52]} 26. exd4 {[%emt 0:00:23]} g4 {[%emt 0:00:15]} 27. fxg4 {[%emt 0:00:48]} Nf6 {[%emt 0:00:01]} 28. g5 {[%emt 0:01:20]} Nd5 {[%emt 0:01:08]} 29. Be4 {[%emt 0:00:49]} Nb5 {[%emt 0:00:24]} 30. a4 {[%emt 0:00:42]} Nd6 {[%emt 0:00:02]} 31. Bf3 {[%emt 0:00:33]} Ba8 {[%emt 0:01:28]} 32. Rc5 {[%emt 0:00:33]} Nb4 {[%emt 0:00:10]} 33. Nf4 {[%emt 0:00:40]} Bxf3 {[%emt 0:01:15]} 34. gxf3 {[%emt 0:00:01]} Nf5 {[%emt 0:00:27]} 35. d5 {[%emt 0:00:21]} Na2 {[%emt 0:00:21]} 36. Rc2 {[%emt 0:00:53]} Nb4 {[%emt 0:00:02]} 37. Rc5 {[%emt 0:00:30]} Na2 {[%emt 0:00:15]} 38. Rc2 {[%emt 0:00:15]} Nb4 {[%emt 0:00:06]} 39. Rxc7 {[%emt 0:00:57]} Nxd5 {[%emt 0:00:14]} 40. Nxd5 {[%emt 0:00:00]} Rxd5 {[%emt 0:00:00]} 41. Bc3 {[%emt 0:04:10]} Ng7 {[%emt 0:00:57]} 42. f4 {[%emt 0:02:36]} Nh5 {[%emt 0:02:25]} 43. Be5 {[%emt 0:03:41]} Rd2+ {[%emt 0:04:58]} 44. Ke3 {[%emt 0:00:41]} Rbd8 {[%emt 0:00:17]} 45. Rc3 {[%emt 0:01:17]} Kf8 {[%emt 0:09:28]} 46. Rxh5 {[%emt 0:14:28]} gxh5 {[%emt 0:00:05]} 47. Bf6 {[%emt 0:00:06]} R2d7 {[%emt 0:08:27]} 48. Bxd8 {[%emt 0:00:31]} Rxd8 {[%emt 0:00:01]} 49. Rc6 {[%emt 0:00:48]} a5 {[%emt 0:01:53]} 50. Rc5 {[%emt 0:02:59]} h4 {[%emt 0:00:53]} 51. Rxa5 {[%emt 0:00:45]} h3 {[%emt 0:00:06]} 52. Ra6 {[%emt 0:00:45]} Rd1 {[%emt 0:02:51]} 53. Rh6 {[%emt 0:00:40]} Ra1 {[%emt 0:00:02]} 54. Kf3 {[%emt 0:00:31]} Rxa4 {[%emt 0:00:07]} 55. Rxh3 {[%emt 0:03:18]} f6 {[%emt 0:01:11]} 56. gxf6 {[%emt 0:00:46]} Ra3+ {[%emt 0:02:18]} 57. Ke4 1/2-1/2

[Event "71st RUS-ch Higher League 2018"]
[Site "Yaroslavl"]
[Date "2018.07.03"]
[Round "7"]
[White "Alekseenko, Kirill"]
[Black "Motylev, Alexander"]
[Result "1/2-1/2"]
[WhiteElo "2621"]
[BlackElo "2659"]
[Annotator "TA"]
[PlyCount "45"]
[EventDate "2018.06.26"]
[EventType "swiss"]
[EventCountry "RUS"]
[SourceTitle "playchess.com"]
[Source "ChessBase"]
[SourceQuality "1"]

{[%evp 14,45,0,0,4,7,11,10,9,0,0,-12,-12,-21,-11,0,0,0,0,0,0,-15,0,8,8,0,24,45,31,0,0,0,16,0]} 1. e4 e5 2. Nf3 Nc6 3. Bb5 Nf6 4. d3 Bc5 5. Bxc6 dxc6 6. h3 {C65: Ruy Lopez: Berlin Defence (3...Nf6), unusual lines and 4 0-0 Bc5} O-O 7. Nc3 Re8 8. Be3 {LiveBook: 3 Games} Bb4 $146 ({Predecessor:} 8... Bf8 9. a4 a5 10. O-O b6 11. Nd2 Be6 12. Ne2 Nh5 13. g4 Nf6 {1-0 (37) Caruana,F (2802)-Nakamura,H (2786) chess.com INT 2017}) 9. O-O Nd7 {[%cal Bf6d7,Bd7f8,Bf8g6][%mdl 32]} 10. Ne2 Nf8 11. Bg5 (11. Ng3 {is interesting.} Bd6 12. Nf5 Ne6 13. a4 Bd7 14. c3) 11... Be7 12. Bxe7 (12. Be3 {is more complex.} Bf6 13. Ng3 b6 14. Nh5 a5 15. b3) 12... Qxe7 13. Qd2 Ng6 14. a3 Be6 15. Qe3 a5 16. Nd2 a4 17. Rae1 Ra5 18. d4 Rb5 19. Rb1 Ba2 20. Ra1 Be6 $1 21. Rab1 Ba2 22. Ra1 Be6 $1 23. Rab1 {Precision: White = 43%, Black = 62%.} 1/2-1/2

[Event "71st RUS-ch Higher League 2018"]
[Site "Yaroslavl"]
[Date "2018.07.03"]
[Round "7"]
[White "Predke, Alexandr"]
[Black "Potkin, Vladimir"]
[Result "1/2-1/2"]
[WhiteElo "2613"]
[BlackElo "2592"]
[Annotator "ChessBase"]
[PlyCount "99"]
[EventDate "2018.06.26"]
[EventType "swiss"]
[EventCountry "RUS"]
[SourceTitle "playchess.com"]
[Source "ChessBase"]
[SourceQuality "1"]
[TimeControl "40/5400+30:1800+30"]

1. e4 {[%emt 0:00:14]} e5 {[%emt 0:00:00]} 2. Nf3 {[%emt 0:00:07]} Nc6 {[%emt 0:00:00]} 3. Bb5 {[%emt 0:00:09]} Nf6 {[%emt 0:00:00]} 4. d3 {[%emt 0:00:14]} Bc5 {[%emt 0:00:03]} 5. Bxc6 {[%emt 0:00:13]} dxc6 {[%emt 0:00:09]} 6. Nbd2 {[%emt 0:00:06]} O-O {[%emt 0:00:52]} 7. Nb3 {[%emt 0:00:16]} Bd6 {[%emt 0:01:52]} 8. Bg5 {[%emt 0:00:08]} c5 {[%emt 0:06:15]} 9. Nbd2 {[%emt 0:13:42]} h6 {[%emt 0:12:13]} 10. Bh4 {[%emt 0:00:24]} Qe7 {[%emt 0:01:42]} 11. Nc4 {[%emt 0:05:36]} Qe6 {[%emt 0:00:49]} 12. Nfd2 {[%emt 0:11:34]} Re8 {[%emt 0:06:51]} 13. Ne3 {[%emt 0:03:08]} Nd7 {[%emt 0:02:10]} 14. g4 {[%emt 0:09:34]} Nf8 {[%emt 0:07:28]} 15. Bg3 {[%emt 0:01:53]} b5 {[%emt 0:06:41]} 16. h4 {[%emt 0:06:32]} Ng6 {[%emt 0:09:42]} 17. Qf3 {[%emt 0:03:30]} Nf4 {[%emt 0:07:52]} 18. Nf5 {[%emt 0:01:25]} c4 {[%emt 0:02:15]} 19. d4 {[%emt 0:11:30]} Bf8 {[%emt 0:07:10]} 20. h5 {[%emt 0:11:03]} Qb6 {[%emt 0:01:05]} 21. dxe5 {[%emt 0:01:41]} Ne6 {[%emt 0:00:06]} 22. O-O-O {[%emt 0:11:20]} Bb7 {[%emt 0:01:01]} 23. Bh4 {[%emt 0:05:46]} b4 {[%emt 0:13:00]} 24. Nxc4 {[%emt 0:00:36]} Qa6 {[%emt 0:00:17]} 25. b3 {[%emt 0:01:18]} Qxa2 {[%emt 0:00:09]} 26. Rd7 {[%emt 0:00:08]} Qa1+ {[%emt 0:05:47]} 27. Kd2 {[%emt 0:00:04]} Qc3+ {[%emt 0:00:17]} 28. Qxc3 {[%emt 0:00:22]} bxc3+ {[%emt 0:00:01]} 29. Kxc3 {[%emt 0:00:26]} Bxe4 {[%emt 0:00:18]} 30. Re1 {[%emt 0:00:48]} Bf3 {[%emt 0:01:37]} 31. Re3 {[%emt 0:00:25]} Bc6 {[%emt 0:01:44]} 32. Ne7+ {[%emt 0:00:54]} Bxe7 {[%emt 0:00:18]} 33. Rxe7 {[%emt 0:00:07]} Rxe7 {[%emt 0:00:38]} 34. Bxe7 {[%emt 0:00:04]} a5 {[%emt 0:00:05]} 35. Bh4 {[%emt 0:01:41]} a4 {[%emt 0:00:11]} 36. b4 {[%emt 0:00:24]} Nf4 {[%emt 0:03:52]} 37. Kb2 {[%emt 0:00:13]} Nd5 {[%emt 0:00:29]} 38. Rd3 {[%emt 0:00:35]} Nxb4 {[%emt 0:01:00]} 39. Rd8+ {[%emt 0:00:10]} Rxd8 {[%emt 0:00:05]} 40. Bxd8 {[%emt 0:00:00]} Nd5 {[%emt 0:00:00]} 41. e6 {[%emt 0:09:04]} fxe6 {[%emt 0:03:54]} 42. Ne5 {[%emt 0:00:04]} Be8 {[%emt 0:08:48]} 43. c4 {[%emt 0:00:12]} Nb4 {[%emt 0:00:22]} 44. Bxc7 {[%emt 0:00:14]} Nc6 {[%emt 0:00:05]} 45. Nd3 {[%emt 0:04:19]} e5 {[%emt 0:01:40]} 46. Nxe5 {[%emt 0:10:29]} Nxe5 {[%emt 0:00:12]} 47. Bxe5 {[%emt 0:00:04]} Bd7 {[%emt 0:01:04]} 48. g5 {[%emt 0:01:24]} hxg5 {[%emt 0:00:18]} 49. Ka3 {[%emt 0:00:15]} Kh7 {[%emt 0:01:20]} 50. Kb4 {[%emt 0:00:25]} 1/2-1/2

[Event "71st RUS-ch Higher League 2018"]
[Site "Yaroslavl"]
[Date "2018.07.03"]
[Round "7"]
[White "Popov, Ivan"]
[Black "Goryachkina, Aleksandra"]
[Result "1/2-1/2"]
[WhiteElo "2608"]
[BlackElo "2505"]
[Annotator "ChessBase"]
[PlyCount "73"]
[EventDate "2018.06.26"]
[EventType "swiss"]
[EventCountry "RUS"]
[SourceTitle "playchess.com"]
[Source "ChessBase"]
[SourceQuality "1"]
[TimeControl "40/5400+30:1800+30"]

1. e4 {[%emt 0:00:00]} e6 {[%emt 0:00:00]} 2. d4 {[%emt 0:00:00]} d5 {[%emt 0:00:00]} 3. Nc3 {[%emt 0:00:00]} Nf6 {[%emt 0:00:00]} 4. Bg5 {[%emt 0:00:00]} dxe4 {[%emt 0:00:25]} 5. Nxe4 {[%emt 0:00:06]} Be7 {[%emt 0:00:18]} 6. Bxf6 {[%emt 0:00:08]} gxf6 {[%emt 0:00:08]} 7. Qd2 {[%emt 0:00:24]} b6 {[%emt 0:02:05]} 8. O-O-O {[%emt 0:00:20]} Bb7 {[%emt 0:00:33]} 9. Nc3 {[%emt 0:00:17]} c6 {[%emt 0:01:31]} 10. Be2 {[%emt 0:00:11]} Nd7 {[%emt 0:02:25]} 11. Bh5 {[%emt 0:00:58]} Bd6 {[%emt 0:06:13]} 12. Ne4 {[%emt 0:35:29]} Bc7 {[%emt 0:01:48]} 13. f4 {[%emt 0:02:33]} Qe7 {[%emt 0:02:32]} 14. Nf3 {[%emt 0:01:46]} O-O-O {[%emt 0:02:55]} 15. Rhe1 {[%emt 0:02:21]} Qf8 {[%emt 0:18:21]} 16. Kb1 {[%emt 0:06:04]} Rg8 {[%emt 0:02:51]} 17. g4 {[%emt 0:04:43]} c5 {[%emt 0:03:17]} 18. Qe3 {[%emt 0:12:00]} c4 {[%emt 0:12:57]} 19. f5 {[%emt 0:04:24]} b5 {[%emt 0:04:02]} 20. Nc3 {[%emt 0:07:59]} a6 {[%emt 0:01:41]} 21. d5 {[%emt 0:07:20]} exd5 {[%emt 0:06:18]} 22. Nxd5 {[%emt 0:01:07]} Ne5 {[%emt 0:01:55]} 23. Nxe5 {[%emt 0:05:09]} Bxe5 {[%emt 0:05:13]} 24. Nb6+ {[%emt 0:05:00]} Kc7 {[%emt 0:00:42]} 25. g5 {[%emt 0:01:58]} Qb4 {[%emt 0:12:35]} 26. c3 {[%emt 0:00:01]} Bxc3 {[%emt 0:00:32]} 27. Qxc3 {[%emt 0:00:02]} Qxc3 {[%emt 0:00:12]} 28. bxc3 {[%emt 0:00:01]} Rxd1+ {[%emt 0:01:17]} 29. Bxd1 {[%emt 0:00:16]} Rxg5 {[%emt 0:04:04]} 30. Nxc4 {[%emt 0:00:20]} bxc4 {[%emt 0:00:10]} 31. Re7+ {[%emt 0:01:05]} Kb6 {[%emt 0:00:33]} 32. Bc2 {[%emt 0:01:02]} Rg1+ {[%emt 0:02:28]} 33. Kb2 {[%emt 0:00:01]} Rg2 {[%emt 0:00:43]} 34. Kc1 {[%emt 0:00:14]} Rg1+ {[%emt 0:02:11]} 35. Kb2 {[%emt 0:00:07]} Rg2 {[%emt 0:00:11]} 36. Kc1 {[%emt 0:00:02]} Rg1+ {[%emt 0:01:30]} 37. Kb2 1/2-1/2

[Event "71st RUS-ch Higher League 2018"]
[Site "Yaroslavl"]
[Date "2018.07.03"]
[Round "7"]
[White "Turov, Maxim"]
[Black "Fakhrutdinov, Timur"]
[Result "1/2-1/2"]
[WhiteElo "2600"]
[BlackElo "2460"]
[Annotator "RC"]
[PlyCount "82"]
[EventDate "2018.06.26"]
[EventType "swiss"]
[EventCountry "RUS"]
[SourceTitle "playchess.com"]
[Source "ChessBase"]
[SourceQuality "1"]
[TimeControl "40/5400+30:1800+30"]

1. e4 {[%emt 0:00:00]} e5 {[%emt 0:00:00]} 2. Nf3 {[%emt 0:00:00]} Nc6 {[%emt 0:00:00]} 3. Bb5 {[%emt 0:00:07]} Nf6 {[%emt 0:00:05]} 4. O-O {[%emt 0:01:34]} Nxe4 {[%emt 0:00:20]} 5. Re1 {[%emt 0:00:44]} Nd6 {[%emt 0:00:13]} 6. Nxe5 {[%emt 0:00:30]} Nxe5 {[%emt 0:00:33]} 7. Rxe5+ {[%emt 0:00:10]} Be7 {[%emt 0:00:05]} 8. Bf1 {[%emt 0:00:38]} O-O {[%emt 0:00:35]} 9. d4 {[%emt 0:00:10]} Ne8 {[%emt 0:00:35]} 10. c3 {[%emt 0:05:35]} d5 {[%emt 0:06:28]} 11. Re1 {[%emt 0:11:24]} Bd6 {[%emt 0:09:16]} 12. Qf3 {[%emt 0:01:30]} c6 {[%emt 0:04:45]} 13. Bd3 {[%emt 0:06:13]} Qh4 {[%emt 0:07:55]} 14. g3 {[%emt 0:16:24]} Qg4 {[%emt 0:08:40]} 15. Nd2 {[%emt 0:06:08]} Nc7 {[%emt 0:08:12]} 16. Qxg4 {[%emt 0:01:11]} Bxg4 {[%emt 0:00:07]} 17. f3 {[%emt 0:00:24]} Bh5 {[%emt 0:01:38]} 18. Kf2 {[%emt 0:02:06]} Rfe8 {[%emt 0:04:42]} 19. Rxe8+ {[%emt 0:00:09]} Rxe8 {[%emt 0:00:09]} 20. Nb3 {[%emt 0:00:05]} Ne6 {[%emt 0:07:36]} 21. Na5 {[%emt 0:02:42]} Nd8 {[%emt 0:06:01]} 22. Bd2 {[%emt 0:00:10]} Bc7 {[%emt 0:01:45]} 23. Nb3 {[%emt 0:01:10]} Bg6 {[%emt 0:00:58]} 24. Bf1 {[%emt 0:04:33]} f6 {[%emt 0:04:54]} 25. Re1 {[%emt 0:00:19]} Rxe1 {[%emt 0:00:39]} 26. Kxe1 {[%emt 0:00:04]} Bb1 {[%emt 0:01:06]} 27. Nc1 {[%emt 0:01:18]} h5 {[%emt 0:03:12]} 28. Bd3 {[%emt 0:00:12]} Bxd3 {[%emt 0:00:08]} 29. Nxd3 {[%emt 0:00:04]} Ne6 {[%emt 0:01:01]} 30. Kf2 {[%emt 0:00:11]} Kf7 {[%emt 0:00:24]} 31. h3 {[%emt 0:01:06]} Bd6 {[%emt 0:01:15]} 32. g4 {[%emt 0:00:31]} hxg4 {[%emt 0:00:19]} 33. hxg4 {[%emt 0:00:06]} g5 {[%emt 0:01:06]} 34. Ke2 {[%emt 0:00:50]} Ke7 {[%emt 0:00:09]} 35. Be3 {[%emt 0:00:16]} Kd7 {[%emt 0:00:33]} 36. Kd2 {[%emt 0:00:47]} Ke7 {[%emt 0:00:18]} 37. Ke2 {[%emt 0:00:06]} Kd7 {[%emt 0:00:06]} 38. Kd2 {[%emt 0:00:06]} Ke7 {[%emt 0:00:06]} 39. Ke2 {[%emt 0:00:03]} Kd7 {[%emt 0:00:05]} 40. Kd2 {[%emt 0:00:00]} Ke7 {[%emt 0:00:00]} 41. Ke2 {[%emt 0:00:10]} Kd7 {[%emt 0:00:11]} 1/2-1/2

[Event "71st RUS-ch Higher League 2018"]
[Site "Yaroslavl"]
[Date "2018.07.03"]
[Round "7"]
[White "Oparin, Grigoriy"]
[Black "Kobalia, Mikhail"]
[Result "1-0"]
[WhiteElo "2587"]
[BlackElo "2608"]
[Annotator "ChessBase"]
[PlyCount "79"]
[EventDate "2018.06.26"]
[EventType "swiss"]
[EventCountry "RUS"]
[SourceTitle "playchess.com"]
[Source "ChessBase"]
[SourceQuality "1"]
[TimeControl "40/5400+30:1800+30"]

1. Nf3 {[%emt 0:00:00]} d5 {[%emt 0:00:00]} 2. g3 {[%emt 0:00:00]} c6 {[%emt 0:01:03]} 3. Bg2 {[%emt 0:00:00]} Bg4 {[%emt 0:00:05]} 4. O-O {[%emt 0:00:02]} Nf6 {[%emt 0:00:07]} 5. d3 {[%emt 0:02:10]} Nbd7 {[%emt 0:00:32]} 6. c4 {[%emt 0:00:25]} dxc4 {[%emt 0:00:59]} 7. dxc4 {[%emt 0:00:17]} e5 {[%emt 0:00:20]} 8. h3 {[%emt 0:04:18]} Bh5 {[%emt 0:01:57]} 9. Nc3 {[%emt 0:01:37]} Qc7 {[%emt 0:03:12]} 10. Nh4 {[%emt 0:03:03]} Nc5 {[%emt 0:02:28]} 11. b4 {[%emt 0:12:21]} Ne6 {[%emt 0:04:14]} 12. Rb1 {[%emt 0:19:06]} Be7 {[%emt 0:02:51]} 13. Qc2 {[%emt 0:12:20]} O-O {[%emt 0:03:33]} 14. e3 {[%emt 0:05:19]} Rfd8 {[%emt 0:03:59]} 15. g4 {[%emt 0:05:43]} Bg6 {[%emt 0:00:20]} 16. Nxg6 {[%emt 0:00:05]} hxg6 {[%emt 0:00:05]} 17. c5 {[%emt 0:04:09]} a5 {[%emt 0:02:06]} 18. a3 {[%emt 0:00:04]} Rab8 {[%emt 0:01:30]} 19. Bb2 {[%emt 0:04:16]} Rd7 {[%emt 0:06:20]} 20. Rfd1 {[%emt 0:01:51]} Rbd8 {[%emt 0:00:05]} 21. Rxd7 {[%emt 0:02:12]} Rxd7 {[%emt 0:00:05]} 22. Rd1 {[%emt 0:00:08]} Rxd1+ {[%emt 0:02:22]} 23. Qxd1 {[%emt 0:00:35]} axb4 {[%emt 0:19:17]} 24. axb4 {[%emt 0:00:10]} b6 {[%emt 0:00:33]} 25. b5 {[%emt 0:08:12]} cxb5 {[%emt 0:00:51]} 26. c6 {[%emt 0:00:29]} e4 {[%emt 0:00:03]} 27. Nxe4 {[%emt 0:00:39]} Nxe4 {[%emt 0:00:04]} 28. Bxe4 {[%emt 0:00:04]} Bf6 {[%emt 0:00:55]} 29. Ba3 {[%emt 0:05:29]} Be7 {[%emt 0:03:51]} 30. Bb2 {[%emt 0:01:47]} Bf6 {[%emt 0:00:17]} 31. Bxf6 {[%emt 0:01:46]} gxf6 {[%emt 0:00:02]} 32. Qd5 {[%emt 0:00:05]} g5 {[%emt 0:08:01]} 33. Qxb5 {[%emt 0:00:33]} Qe5 {[%emt 0:00:07]} 34. Qxe5 {[%emt 0:01:43]} fxe5 {[%emt 0:00:02]} 35. f4 {[%emt 0:00:30]} exf4 {[%emt 0:02:40]} 36. exf4 {[%emt 0:00:04]} gxf4 {[%emt 0:00:02]} 37. Bf5 {[%emt 0:00:34]} Nc7 {[%emt 0:00:03]} 38. Kf2 {[%emt 0:01:08]} Kf8 {[%emt 0:02:53]} 39. h4 {[%emt 0:00:10]} Ke7 {[%emt 0:00:05]} 40. h5 {[%emt 0:00:00]} 1-0

[Event "71st RUS-ch Higher League 2018"]
[Site "Yaroslavl"]
[Date "2018.07.03"]
[Round "7"]
[White "Volkov, Sergey"]
[Black "Ovetchkin, Roman"]
[Result "1/2-1/2"]
[WhiteElo "2580"]
[BlackElo "2546"]
[Annotator "TA"]
[PlyCount "63"]
[EventDate "2018.06.26"]
[EventType "swiss"]
[EventCountry "RUS"]
[SourceTitle "playchess.com"]
[Source "ChessBase"]
[SourceQuality "1"]

{[%evp 30,63,19,0,12,6,10,-17,-17,-33,-40,-41,-39,-61,-40,-35,0,0,0,0,0,0,0,0,0,0,0,0,0,0,0,0,0,0,0,0]} 1. d4 Nf6 2. c4 g6 3. Nc3 Bg7 4. e4 d6 5. Nf3 O-O 6. Be2 e5 7. Be3 exd4 8. Nxd4 Re8 9. f3 c6 10. Bf2 d5 11. exd5 cxd5 12. O-O Nc6 13. c5 Nh5 14. Qd2 Be5 15. g3 Ng7 16. Rfe1 {LiveBook: 16 Partien. E92: Königsindisch (Klassisches System)} (16. Rfd1 Bf5 17. Ndb5 d4 18. Nxd4 Bxd4 19. Bxd4 Bc2 20. Qxc2 Nxd4 21. Qa4 Nxe2+ 22. Nxe2 Qg5 23. Nd4 Qxc5 24. Rac1 {½-½ (34) Kovalyov,A (2636)-Van Kampen,R (2636) Montreal 2014}) 16... Nf5 {[%cal Rf5d4]} 17. Nxf5 Bxf5 {[%cal Bc8f5,Bf5e6,Be6g4][%mdl 32]} 18. f4 Bxc3 19. Qxc3 d4 20. Qc4 $1 Be6 21. Qb5 Qd5 $146 ({Vorgänger:} 21... Qd7 22. Rad1 Bd5 23. Rxd4 a6 {1-0 (54) Mirzoeva,E (2262)-Sazonova,E (2123) Satka 2015}) 22. Bf1 Bg4 23. Qxb7 {[#] Droht Te5! und aus.Die Stellung ist ausgeglichen.} Reb8 24. Bc4 Qxc4 25. Qxc6 {zielt auf Df6 ab.} d3 {Droht stark ...d2.} 26. Qf6 Rd8 {[#] Und ...d2 würde nun gewinnen.} 27. b3 $1 {[%cal Rb3c4]} Qd5 28. Re5 Qf3 29. Re3 Qd5 30. Re5 Qf3 31. Re3 Qd5 {( -> ...Lh3)} 32. Re5 {Precision: Weiß = 66%, Schwarz = 69%.} 1/2-1/2

[Event "71st RUS-ch Higher League 2018"]
[Site "Yaroslavl"]
[Date "2018.07.03"]
[Round "7"]
[White "Goganov, Aleksey"]
[Black "Romanov, Evgeny"]
[Result "1/2-1/2"]
[WhiteElo "2576"]
[BlackElo "2628"]
[Annotator "TA"]
[PlyCount "117"]
[EventDate "2018.06.26"]
[EventType "swiss"]
[EventCountry "RUS"]
[SourceTitle "playchess.com"]
[Source "ChessBase"]
[SourceQuality "1"]

{[%evp 21,117,36,45,32,33,0,0,1,0,0,25,10,25,7,6,6,20,17,16,24,17,15,38,38,34,38,42,29,74,34,34,40,75,66,82,11,15,11,11,11,11,11,11,11,10,6,8,7,13,13,14,10,8,8,8,8,29,23,23,29,21,28,64,64,79,64,79,79,88,20,79,79,79,79,79,79,79,44,79,8,9,16,25,8,86,47,63,39,54,0,8,8,66,0,0,0,0,0]} 1. e4 c5 2. Nf3 a6 3. c3 d5 4. exd5 Qxd5 5. d4 Nf6 6. Be2 e6 7. O-O Nc6 8. Be3 cxd4 9. Nxd4 Nxd4 {B28: Sizilianisch (Frühes a7-a6)} 10. Bxd4 Bc5 (10... Bd7 11. Bf3 Qd6 12. Bxb7 Rb8 13. Bf3 Rxb2 14. Nd2 Qc7 15. Nb3 Bd6 16. Qc1 Ba3 17. Qg5 {0-1 (32) Sengupta,D (2589)-Sethuraman,S (2651) Thiruvarur 2015}) 11. Bf3 Qd6 $1 {LiveBook: 10 Partien. Weiß steht etwas besser.} 12. Na3 Bxd4 13. Qxd4 (13. cxd4 {is interesting.} O-O 14. Rc1 Rb8 15. Nc4 Qe7 16. Qe2) 13... Qxd4 14. cxd4 Rb8 15. Rac1 {[#]} b5 $146 ({Vorgänger:} 15... O-O 16. Rfd1 b5 17. Rc7 Rd8 18. Nc2 Rd7 19. Rc5 Bb7 20. Bxb7 Rdxb7 21. Nb4 Rb6 22. Rdc1 g6 23. d5 {½-½ (23) Chandler,M (2505)-Csom,I (2510) Thessaloniki 1988}) 16. Rc7 O-O 17. Rfc1 Rd8 18. Nc2 Ne8 19. Ra7 Rd7 20. Rxd7 Bxd7 21. Nb4 $36 {[%mdl 2048] Weiss hat Initiative.} Rc8 22. Rc5 Rxc5 23. dxc5 $14 {[%mdl 4096] Endspiel KLS-KLS} Nc7 24. Kf1 Kf8 25. Ke2 a5 26. Nd3 b4 27. c6 Be8 {[#]} 28. Nc5 (28. Ne5 $1 $16) 28... f5 $11 29. Kd3 {Weiss will Kc4 spielen.} e5 $1 {[%cal Be6e5,Be5e4][%mdl 32]} 30. Nd7+ Bxd7 $1 31. cxd7 {KL-KS} e4+ 32. Kd4 $1 Ke7 33. Bd1 Kxd7 34. Ke5 g6 {[%cal Bg7g6,Bg6g5,Bg5g4][%mdl 32]} 35. g4 fxg4 36. Bxg4+ Ke7 37. Kxe4 Kd6 $1 38. Kd4 Na6 39. Bd1 g5 40. Bc2 h6 41. Kc4 Nc7 42. Be4 h5 43. Bf3 g4 44. Bd1 Nd5 45. Kd4 (45. Kb5 $16) 45... Nf4 {[#]} (45... Nb6 $11) 46. f3 $1 $16 Ne6+ 47. Kc4 gxf3 48. Bxf3 h4 49. Bg4 {Lxe6 ist eine echte Drohung.} Nc5 50. Bd1 ({Günstiger ist} 50. Kb5 $16) 50... Kc6 $1 $11 51. Bc2 Kb6 52. Kd5 Kb5 (52... b3 $1 $11 53. axb3 (53. Bxb3 Nxb3 54. axb3 Kb5 $11) 53... Kb5) 53. Bg6 Kb6 54. Kc4 Na4 55. Bc2 (55. b3 $5 {[%cal Rb3a4]} Nb2+ 56. Kd4 $14) 55... Nc5 56. Kd4 Kb5 (56... b3 $11 57. axb3 (57. Bxb3 Nxb3+ 58. axb3 Kb5 $11) 57... Kb5) 57. Kd5 (57. b3 $14) 57... b3 58. axb3 Kb4 59. h3 {Precision: Weiß = 57%, Schwarz = 59%.} 1/2-1/2